LIBRARY & INFORMATION CENTRE, KCAET, TAVANUR

ONLINE PUBLIC ACCESS CATALOGUE (OPAC)

Managing engineering and technology / (Record no. 13283)

MARC details
000 -LEADER
fixed length control field 00536cam a2200205ua 4500
041 ## - LANGUAGE CODE
Language code of text/sound track or separate title eng
082 ## - DEWEY DECIMAL CLASSIFICATION NUMBER
Classification number 621
Item number BAB/MA
100 ## - MAIN ENTRY--AUTHOR NAME
Personal name Babcock, Daniel L .
245 ## - TITLE STATEMENT
Title Managing engineering and technology /
250 ## - EDITION STATEMENT
Edition statement 3 /
260 ## - PUBLICATION, DISTRIBUTION, ETC. (IMPRINT)
Place of publication New Delhi :
Name of publisher Prentice Hall of India Pvt Ltd. ,
Year of publication 2006.
300 ## - PHYSICAL DESCRIPTION
Number of Pages 490 ;
Accompanying material CD.
700 1# - ADDED ENTRY--PERSONAL NAME
Personal name Morse, Lucy C .
942 ## - ADDED ENTRY ELEMENTS (KOHA)
Koha item type Books
Holdings
Withdrawn status Lost status Damaged status Home library Current library Date acquired Full call number Accession Number Koha item type
      KAUAET KAUAET 07/04/2012 621 21596 Books
      KAUAET KAUAET 07/04/2012 621 21939 Books
free website counter